Normal view
MARC view
- Financial Management
Entry Topical Term
001 - CONTROL NUMBER
- control field: 3392
003 - CONTROL NUMBER IDENTIFIER
- control field: JO-AjAnu
005 - DATE AND TIME OF LATEST TRANSACTION
- control field: 20230606070847.0
008 - FIXED-LENGTH DATA ELEMENTS
- fixed length control field: 230606|| aca||aabn | a|a d
040 ## - CATALOGING SOURCE
- Original cataloging agency: JO-AjAnu
- Transcribing agency: JO-AjAnu
150 ## - HEADING--TOPICAL TERM
- Topical term or geographic name entry element: Financial Management
670 ## - SOURCE DATA FOUND
- Source citation: Work cat.: (JO-AjAnu)1771: Coombs,H.M / Jenkins,D.E, author 3391, Public Sector Financial Management